SMM7 estimating price book (Record no. 115718)

MARC details
000 -LEADER
fixed length control field 01231cam a22002775a 4500
001 - CONTROL NUMBER
control field L157975
008 - FIXED-LENGTH DATA ELEMENTS--GENERAL INFORMATION
fixed length control field 091028s2012 xxk f 001 0 eng d
020 ## - INTERNATIONAL STANDARD BOOK NUMBER
International Standard Book Number 9781907196317
035 ## - SYSTEM CONTROL NUMBER
System control number (Sirsi) u159172
041 0# - LANGUAGE CODE
Language code of text/sound track or separate title eng
050 04 - LIBRARY OF CONGRESS CALL NUMBER
Classification number 692.5 $2 18
110 2# - MAIN ENTRY--CORPORATE NAME
Corporate name or jurisdiction name as entry element Building Cost Information Service
9 (RLIN) 1096
245 00 - TITLE STATEMENT
Title SMM7 estimating price book
Remainder of title 2013
250 ## - EDITION STATEMENT
Edition statement 18th ed.
260 ## - PUBLICATION, DISTRIBUTION, ETC.
Place of publication, distribution, etc. Poole
Name of publisher, distributor, etc. BCIS
Date of publication, distribution, etc. 2012
300 ## - PHYSICAL DESCRIPTION
Extent 1
Type of unit v.
Dimensions 30cm.
520 ## - SUMMARY, ETC.
Summary, etc. Guide to the current (net cost) unit prices for building work. Gives unit rates compiled from over 500 000 price elements. Includes basic material prices, plant costs, labour costs, an approximate estimating section, professional information and BCIS square metre rates. Incorporates the latest amendments to professional information, average building prices, Town and Country Planning Regulations fees for applications and deemed applications, building regulations prescribed fees and cost limits and allowances.
520 ## - SUMMARY, ETC.
Summary, etc. Supersedes 17th edition.
521 ## - TARGET AUDIENCE NOTE
Target audience note Advanced
590 ## - LOCAL NOTE (RLIN)
Local note KA
650 24 - SUBJECT ADDED ENTRY--TOPICAL TERM
Topical term or geographic name entry element STANDARD METHOD OF MEASUREMENT (SEVENTH EDITION)
651 #4 - SUBJECT ADDED ENTRY--GEOGRAPHIC NAME
Geographic name United Kingdom
Chronological subdivision
690 ## - LOCAL SUBJECT ADDED ENTRY--TOPICAL TERM (OCLC, RLIN)
Topical term or geographic name as entry element BUILT ENVIRONMENT-BUILDING COSTS
942 ## - ADDED ENTRY ELEMENTS (KOHA)
Suppress in OPAC 0
Holdings
Withdrawn status Lost status Source of classification or shelving scheme Damaged status Not for loan Home library Current library Shelving location Date acquired Total Checkouts Full call number Barcode Date last seen Copy number Price effective from Koha item type
    Dewey Decimal Classification     London London Basement 24/02/2016   BASEMENT 30078763 06/08/2019 1 06/08/2019 Book